000 00288 a2200121 4500
001 13229
082 _a621.38412 ODY
090 _c10223
_d10223
100 _aOdyniec, M
245 _aRF and Microwave Oscillator Design
260 _alondon
_bArtech House
_c2002
300 _axv, 398
942 _aNUST-CAE
_k621.38412 ODY
999 _c248302
_d248302